000 00519nam a2200169Ia 4500
003 IN-BaIIA
008 211028s9999 xx 000 0 eng d
020 _a978-81-7371-600-3
040 _cIIA Library
080 _a629.78 "451.50"
_bFIF
245 0 _a50 years of space
_ba global perspective
_cedited by P. V. Manoranjan Rao
260 _aHyderabad
_bUniversities Press
_c2007
300 _ax, 301p.
650 _aSpace science
700 _aManoranjan Rao, P. V., ed.
_931325
942 _cBK
999 _c16778
_d16778